000 00322nam a22001457a 4500
008 210305b ||||| |||| 00| 0 eng d
020 _a9780534527709
041 _aeng
080 _232
_a32
082 _232
100 _a21
101 _a19
245 _aEffective Policy Advocate
_cBruce S.Jansson
942 _2udc
_cBK
999 _c55802
_d55802